00606 2200193 4500001002100000005001500021035002000036007000300056008004100059082001000100084001600110100002600126245009800152260003300250300004200283520005500325600001600380990001600396INLIS00000000000055120210929120510 a0010-0921000023ta210929 b 1 ind  a398.2 a398.2 YUD p0 aYudhistira Ikranegara1 aDongeng pengantar tidur :bPutra Amat Mude dan kisah-kisah lainnya / /cYudhistira Ikranegara aSurabaya :bCV.Cahaya Agency a32 Halaman :bIlustrasi ;c21 x 15 cm aDongeng tak bisa di pisahkan dengan anak-anak kita 4aCerita Anak a00000001627